Journal of the Indian Institute of Science (Record no. 35905)

MARC details
000 -LEADER
fixed length control field 00425nam a22001577a 4500
003 - CONTROL NUMBER IDENTIFIER
control field IN-BaIIA
005 - DATE AND TIME OF LATEST TRANSACTION
control field 20211201153012.0
008 - FIXED-LENGTH DATA ELEMENTS--GENERAL INFORMATION
fixed length control field 211201b ||||| |||| 00| 0 eng d
022 ## - INTERNATIONAL STANDARD SERIAL NUMBER
International Standard Serial Number 0019-4964
040 ## - CATALOGING SOURCE
Transcribing agency IIA Library
245 ## - TITLE STATEMENT
Title Journal of the Indian Institute of Science
Medium [Print Journal]
260 ## - PUBLICATION, DISTRIBUTION, ETC.
Name of publisher, distributor, etc. Indian Institute of Science
310 ## - CURRENT PUBLICATION FREQUENCY
Current publication frequency 4/ Year
521 ## - TARGET AUDIENCE NOTE
Target audience note Subscribed through IIA Library
942 ## - ADDED ENTRY ELEMENTS (KOHA)
Koha item type Journals (Bound Volume)
Serial record flag 1
Holdings
Withdrawn status Lost status Damaged status Not for loan Home library Current library Date acquired Total Checkouts Date last seen Price effective from Koha item type
        IIA Library-Bangalore IIA Library-Bangalore 01/12/2021   01/12/2021 01/12/2021 Journals (Bound Volume)

Powered by Koha